Luminescence of liquids and solids and its practical applications /

Bibliographic Details
Main Author: Pringsheim, Peter, 1881-1963
Other Authors: Vogel, Marcel
Format: Book
Language:English
Published: New York, N.Y. : Interscience publishers, inc., 1946.
Edition:Revised.
Subjects:

MARC

Tag First Indicator Second Indicator Subfields
LEADER 00000cam a2200000 4500
001 in00000051305
005 20151007065950.0
008 750717s1946 nyu b 00000 eng u
035 |a (OCoLC)01455732 
035 |9 AAE3054AM 
040 |c WSU  |d TXA  |d UtOrBLW 
049 |a TXAM  |c [423617] 
090 |a QC478  |b .P7 1946 
092 |a 535.3  |b P957, 1946 
100 1 |a Pringsheim, Peter,  |d 1881-1963. 
245 1 0 |a Luminescence of liquids and solids and its practical applications /  |c [by] Peter Pringsheim ... and Marcel Vogel ... 
250 |a Revised. 
264 1 |a New York, N.Y. :  |b Interscience publishers, inc.,  |c 1946. 
300 |a x, 201 pages :  |b illustrations, diagrams ;  |c 24 cm. 
336 |a text  |b txt  |2 rdacontent 
337 |a unmediated  |b n  |2 rdamedia 
338 |a volume  |b nc  |2 rdacarrier 
504 |a "Bibliography on luminescence and its applications": pages ix-x. 
650 0 |a Phosphorescence. 
650 0 |a Fluorescence. 
700 1 |a Vogel, Marcel. 
999 |a MARS 
999 f f |s 1078f267-a6a4-314b-ab67-a7c7feab3260  |i b37b7795-686c-32c6-8dbe-2acc602004de  |t 0 
952 f f |p normal  |a Texas A&M University  |b College Station  |c Sterling C. Evans Library  |d Evans: Library Stacks  |t 0  |e QC478 .P7 1946  |h Library of Congress classification  |i unmediated -- volume  |m A14800917335 
998 f f |a QC478 .P7 1946  |t 0  |l Evans: Library Stacks